| 000 | 00597nam a2200229Ia 4500 | ||
|---|---|---|---|
| 003 | OSt | ||
| 005 | 20230316114603.0 | ||
| 008 | 210423s2006 xx 000 0 und d | ||
| 020 | _a8126509112 | ||
| 040 | _cAL | ||
| 041 | _aeng | ||
| 082 |
_a546 _223 _b DOUB |
||
| 100 |
_aDOUGLAS (Bodie E);others. _942226 |
||
| 245 | _aConcepts and models of inorganic chemistry. | ||
| 250 | _a3 | ||
| 260 |
_aNew Delhi _bWiley and Sons _c2006 |
||
| 300 | _bPB | ||
| 365 |
_b395 _cINR |
||
| 650 |
_aInorganic Chemistry _942227 |
||
| 906 | _achemistry. ; Concepts ; inorganic ; models | ||
| 942 |
_2ddc _cBK |
||
| 999 |
_c153643 _d153643 |
||